| 000 | 00886nam a22002417a 4500 | ||
|---|---|---|---|
| 003 | DO-SdBNP | ||
| 005 | 20220428111157.0 | ||
| 008 | 110301s2021 dr a 000 0 spa d | ||
| 020 | _a9789945807752 | ||
| 040 |
_aDO-SdBNP _bspa _cBNPHU |
||
| 082 | 4 |
_axxxx _bG934i |
|
| 100 | 1 |
_aGuerrero Peralta, Rafael _953018 |
|
| 245 | 1 | 0 |
_aImpacto de la corte penal internacional en la seguridad nacional : _bcaso República Dominicana / _cRafael Guerrero Peralta ; prólogo Fídias F. Aristy |
| 260 |
_aSanto Domingo : _bFundación Seguridad & Democracia, _c2021. |
||
| 300 |
_av. : _c23 cm. |
||
| 500 | _aIncluye datos biográficos del autor en la solapa de la portada. | ||
| 500 | _aLa biblioteca posee el volumen I. | ||
| 504 | _aBibliografía p: 119-124 | ||
| 590 | _aInventariado, 2022/ YL | ||
| 700 | 1 | 2 |
_aAristy, Fídias F. _eprol. _956068 |
| 910 | _aYLockward | ||
| 942 |
_2ddc _cLBS1 |
||
| 999 |
_c51611 _d51611 |
||